000
00304nam a22001337a 4500
008
170526b xxu||||| |||| 00| 0 eng d
020
_a
3110127563
041
_a
GER
080
_a
004
100
_a
27
101
_a
SHKI
245
_a
INFORMATIONS- UND WISSENVERARBEITUNG
_c
BALZERT, H
942
_2
udc
_c
BK
999
_c
14516
_d
14516